Catálogo
 En Linea

England in literature / (Registro nro. 35374)

Detalles MARC
000 -CABECERA
campo de control de longitud fija 00764nam a2200217 a 4500
001 - NÚMERO DE CONTROL
campo de control 000035883
005 - FECHA Y HORA DE LA ÚLTIMA TRANSACCIÓN
campo de control 20200930074706.0
008 - DATOS DE LONGITUD FIJA--INFORMACIÓN GENERAL
campo de control de longitud fija 111115s1987 xxuac 000 0 eng d
020 ## - NÚMERO INTERNACIONAL ESTÁNDAR DEL LIBRO
Número Internacional Estándar del Libro 0673270580
020 ## - NÚMERO INTERNACIONAL ESTÁNDAR DEL LIBRO
Número Internacional Estándar del Libro 0673270572
040 ## - FUENTE DE LA CATALOGACIÓN
Centro catalogador/agencia de origen DO-SdBNP
Lengua de catalogación spa
Centro/agencia transcriptor BNPHU
082 ## - NÚMERO DE LA CLASIFICACIÓN DECIMAL DEWEY
Número de clasificación xxx
Número de documento/Ítem M478e, 1987
100 1# - ENTRADA PRINCIPAL--NOMBRE DE PERSONA
Nombre de persona McDonnell, Helen
9 (RLIN) 61877
245 10 - MENCIÓN DE TÍTULO
Título England in literature /
Mención de responsabilidad, etc. Helen McDonnell, Jhon Pfordresher, Gladys V. Veidemanis.
250 ## - MENCIÓN DE EDICIÓN
Mención de edición 7a ed.
260 ## - PUBLICACIÓN, DISTRIBUCIÓN, ETC.
Lugar de publicación, distribución, etc. United States of America :
Nombre del editor, distribuidor, etc. America reads
-- Scott, Foresman and company,
Fecha de publicación, distribución, etc. 1987.
300 ## - DESCRIPCIÓN FÍSICA
Extensión xvii, 862 p. :
Otras características físicas il., retrs. ;
Dimensiones 27 cm.
590 ## - NOTA LOCAL (RLIN)
Nota local Perteneció a la biblioteca personal de Juan Isidro Jimenes Grullón
700 1# - PUNTO DE ACCESO ADICIONAL--NOMBRE DE PERSONA
Nombre de persona Pfordresher, Jhon
9 (RLIN) 61878
700 1# - PUNTO DE ACCESO ADICIONAL--NOMBRE DE PERSONA
Nombre de persona Veidemanis, Gladys V.
9 (RLIN) 61879
Existencias
Estado de retiro Estado de pérdida Restricciones de uso No para préstamo Código de colección Localización permanente Ubicación/localización actual Ubicación en estantería Fecha de adquisición Número de inventario Total de préstamos Signatura topográfica completa Código de barras Fecha visto por última vez Precio válido a partir de Tipo de ítem Koha
        Monografías: Libros y Folletos General General Orden iniciada 15.11.2011 LF1   xxx M478e, 1987 35883-10 25.06.2020 25.06.2020 No se presta

Con tecnología Koha